[Event "SR 3. liga A2 2012/2013"]
[Site "?"]
[Date "2013.03.10"]
[Round "10.3"]
[White "Pribila, Michal"]
[Black "Gasa, Patrik"]
[Result "1/2-1/2"]
[WhiteElo "2110"]
[BlackElo "1906"]
[PlyCount "119"]
[EventDate "2012.??.??"]

1. e4 c5 2. c3 Nf6 3. Bd3 Nc6 4. Nf3 Qc7 5. Bc2 d5 6. exd5 Nxd5 7. d4 cxd4 8.
Nxd4 Qe5+ 9. Qe2 Qxe2+ 10. Nxe2 e5 11. O-O Be7 12. Nd2 Be6 13. Re1 O-O 14. Ng3
g6 15. Nde4 Rad8 16. Ng5 Bc8 17. Nf3 f6 18. h4 Rfe8 19. h5 Kg7 20. hxg6 hxg6
21. Nh4 f5 22. Nf3 Bf6 23. Bg5 Bxg5 24. Nxg5 Kf6 25. Nf3 e4 26. Nh2 Nf4 27.
Rad1 Ne5 28. Nhf1 Ned3 29. Bxd3 exd3 30. Rxe8 Rxe8 31. Nd2 b5 32. f3 Ne2+ 33.
Nxe2 Rxe2 34. Nb3 Rxb2 35. Rxd3 Rxa2 36. Rd6+ Kf7 37. Nd4 a6 38. Nc6 Be6 39.
Nd8+ Ke7 40. Rxe6+ Kxd8 41. Rxg6 a5 42. Rb6 Rb2 43. Ra6 Ra2 44. Rb6 Rb2 45. Ra6
a4 46. c4 bxc4 47. Rxa4 c3 48. Rc4 c2 49. Kh2 Ke7 50. Kh3 Kf6 51. g4 fxg4+ 52.
fxg4 Kg5 53. Rc5+ Kf4 54. g5 Ke3 55. Kg4 Kd3 56. Kh5 Rb1 57. Kh6 c1=Q 58. Rxc1
Rxc1 59. g6 Rh1+ 60. Kg5 1/2-1/2

[Event "SR 3. liga A2 2012/2013"]
[Site "?"]
[Date "2013.03.10"]
[Round "10.3"]
[White "Lanik, Miroslav"]
[Black "Pribila, Gerhard"]
[Result "0-1"]
[WhiteElo "1945"]
[BlackElo "2080"]
[PlyCount "70"]
[EventDate "2012.??.??"]

1. e4 c5 2. Nf3 e6 3. d4 cxd4 4. Nxd4 a6 5. Nc3 b5 6. g3 Bb7 7. Bg2 Nf6 8. Qd3
Qb6 9. Nb3 b4 10. Be3 Qc6 11. Nd4 Qc7 12. Nce2 Ng4 13. O-O Nxe3 14. fxe3 Be7
15. c3 bxc3 16. Nxc3 Nc6 17. Nxc6 Bxc6 18. Rac1 Qb7 19. Rf2 O-O 20. a3 Rac8 21.
Rd1 Qb6 22. b4 Bg5 23. Re1 Bf6 24. Rc2 Qb7 25. Rec1 Rfd8 26. Qd6 Qa7 27. Kf2
Bg5 28. Nd1 Rb8 29. h4 Bh6 30. Rc5 g6 31. Nc3 Bf8 32. Qf4 Bxc5 33. bxc5 Rb2+
34. Kg1 Qxc5 35. Rf1 Qe7 0-1

[Event "SR 3. liga A2 2012/2013"]
[Site "?"]
[Date "2013.03.10"]
[Round "10.3"]
[White "Ambros, Rafael"]
[Black "Palka, Martin"]
[Result "1-0"]
[WhiteElo "1997"]
[BlackElo "1884"]
[PlyCount "38"]
[EventDate "2012.??.??"]

1. e4 c5 2. c3 d5 3. exd5 Qxd5 4. d4 e6 5. Nf3 Nf6 6. Be2 Be7 7. O-O cxd4 8.
cxd4 O-O 9. Nc3 Qd8 10. Bf4 b6 11. Rc1 Bb7 12. Nb5 Nd5 13. Bc7 Qe8 14. Nd6 Bxd6
15. Bxd6 Ne7 16. Rc7 Bxf3 17. Bxf3 Nbc6 18. Bxe7 Nxe7 19. Bxa8 Qxa8 1-0

[Event "SR 3. liga A2 2012/2013"]
[Site "?"]
[Date "2013.03.10"]
[Round "10.3"]
[White "Palka, Miroslav"]
[Black "Kocak, Branislav"]
[Result "0-1"]
[WhiteElo "1924"]
[BlackElo "1891"]
[PlyCount "80"]
[EventDate "2012.??.??"]

1. c4 g6 2. Nc3 Bg7 3. e4 d6 4. d4 Nf6 5. f3 O-O 6. Be3 e5 7. dxe5 dxe5 8. Qxd8
Rxd8 9. Nb5 Na6 10. Nxa7 Nb4 11. Rc1 Nxa2 12. Nxc8 Nxc1 13. Ne7+ Kf8 14. Nxg6+
hxg6 15. Bxc1 Ra1 16. Ne2 Nd7 17. Kf2 Nc5 18. Bg5 f6 19. Be3 Nd3+ 20. Kg3 Nxb2
21. Nc3 c6 22. Rg1 Ke8 23. Be2 Rxg1 24. Bxg1 Bf8 25. Be3 Bb4 26. Na2 Bd2 27.
Bc5 Nd3 28. Bb6 Rd7 29. Kg4 Nf4 30. Bf1 Rh7 31. g3 Ne6 32. Bg1 Nd4 33. f4 b6
34. Bd3 Ra7 35. Bb1 b5 36. cxb5 cxb5 37. Bxd4 exd4 38. e5 Ke7 39. exf6+ Kxf6
40. Kf3 b4 0-1

[Event "SR 3. liga A2 2012/2013"]
[Site "?"]
[Date "2013.03.10"]
[Round "10.3"]
[White "Brunovsky, Peter"]
[Black "Skapikova, Lubica"]
[Result "1-0"]
[WhiteElo "1816"]
[BlackElo "1907"]
[PlyCount "145"]
[EventDate "2012.??.??"]

1. d4 Nf6 2. Nf3 g6 3. Bf4 Bg7 4. e3 d6 5. h3 O-O 6. Bc4 c6 7. c3 Nbd7 8. O-O
b5 9. Bb3 c5 10. Nbd2 Bb7 11. Re1 Rc8 12. Rc1 a5 13. a3 Nh5 14. Bh2 c4 15. Bc2
d5 16. e4 dxe4 17. Nxe4 Nhf6 18. Bf4 Nd5 19. Bg3 N5f6 20. Bf4 Nxe4 21. Bxe4
Bxe4 22. Rxe4 Nf6 23. Re1 Nd5 24. Bg3 e6 25. Qd2 Qe7 26. Bh4 Qb7 27. Ne5 Ne7
28. f4 Nf5 29. Bf2 Nd6 30. Qe3 Nf5 31. Qd2 Rfd8 32. g4 Ne7 33. Qe2 Nd5 34. Be3
Re8 35. g5 Ne7 36. Bf2 Nf5 37. h4 h5 38. Qf3 Qxf3 39. Nxf3 Red8 40. Nd2 Ne7 41.
Ne4 Nd5 42. Be3 b4 43. axb4 axb4 44. Bd2 Rb8 45. Ra1 Ra8 46. Reb1 b3 47. Rxa8
Rxa8 48. Kg2 Ra2 49. Kf3 Nb6 50. Bc1 Bf8 51. Ke3 Nd5+ 52. Kf3 Be7 53. Nd2 Nb6
54. Ne4 Kg7 55. Ke3 Nd5+ 56. Kf3 f6 57. Nd2 Nb6 58. Ne4 Ra5 59. Be3 Kf7 60. Bd2
Nd5 61. Bc1 fxg5 62. fxg5 Nb6 63. Kg3 e5 64. dxe5 Rxe5 65. Kf3 Ke6 66. Ra1 Rf5+
67. Kg2 Ke5 68. Ng3 Rf8 69. Ra5+ Kd6 70. Ra6 Rb8 71. Be3 Bd8 72. Ne2 Ke5 73.
Bf4+ 1-0

[Event "SR 3. liga A2 2012/2013"]
[Site "?"]
[Date "2013.03.10"]
[Round "10.3"]
[White "Havlicek, Peter"]
[Black "Valla, Tomas"]
[Result "1/2-1/2"]
[WhiteElo "1843"]
[BlackElo "1813"]
[PlyCount "144"]
[EventDate "2012.??.??"]

1. e4 c5 2. Nf3 g6 3. c3 Bg7 4. d4 cxd4 5. cxd4 d5 6. e5 Bg4 7. Be2 Nh6 8. Ng5
Bxe2 9. Qxe2 e6 10. Nc3 a6 11. O-O Nc6 12. Be3 Nf5 13. Nf3 O-O 14. a3 Rc8 15.
Rac1 b5 16. b4 Qb6 17. Rfd1 Rc7 18. g4 Nxe3 19. Qxe3 Rfc8 20. Ne2 a5 21. bxa5
Nxa5 22. Rxc7 Rxc7 23. Rb1 Nc4 24. Qb3 Rb7 25. Nc3 Qa5 26. a4 b4 27. Nb5 Bf8
28. Rc1 h6 29. h4 Rb8 30. Ne1 Ra8 31. Ra1 Na3 32. Nd6 Qb6 33. Rxa3 Qxd4 34. Qe3
Qxg4+ 35. Qg3 Qd1 36. Re3 Rxa4 37. Qf3 Qxf3 38. Rxf3 Bxd6 39. exd6 Kf8 40. Rb3
Ke8 41. Nc2 Kd7 42. Kg2 Kxd6 43. Nxb4 Kc5 44. Nc2 Rxh4 45. Rf3 f5 46. Ne1 e5
47. Ra3 e4 48. f3 Kd4 49. Kg3 Rh1 50. Nc2+ Kc4 51. Ne3+ Kb4 52. Ra6 d4 53. Ng2
e3 54. Rxg6 e2 55. Kf2 d3 56. Rc6 Rf1+ 57. Ke3 Rg1 58. Ne1 Rxe1 59. Kxd3 Rh1
60. Kxe2 f4 61. Kd3 Re1 62. Rc4+ Kb5 63. Rxf4 Kc5 64. Rh4 Re6 65. Rh5+ Kd6 66.
f4 Ke7 67. Kd4 Kf7 68. f5 Rf6 69. Ke5 Ke7 70. Rh1 Ra6 71. Rb1 Ra5+ 72. Kf4 Ra4+
1/2-1/2

[Event "SR 3. liga A2 2012/2013"]
[Site "?"]
[Date "2013.03.10"]
[Round "10.3"]
[White "Zajicek, Ferdinand"]
[Black "Fidericky, Milan"]
[Result "1/2-1/2"]
[WhiteElo "1830"]
[BlackElo "1835"]
[PlyCount "83"]
[EventDate "2012.??.??"]

1. e4 e5 2. Nf3 Nf6 3. Nc3 Nc6 4. Bc4 Bc5 5. h3 d6 6. d3 h6 7. Be3 Bxe3 8. fxe3
Bd7 9. a3 a6 10. Qe2 Qe7 11. Qf2 b5 12. Bd5 Rb8 13. b4 O-O 14. Nh4 Nxd5 15.
Nxd5 Qd8 16. O-O Ne7 17. Nxe7+ Qxe7 18. Qg3 Qg5 19. Qxg5 hxg5 20. Nf5 g6 21.
Ne7+ Kg7 22. Nd5 Rbc8 23. Rf2 f5 24. exf5 gxf5 25. Raf1 Rf7 26. Kh2 Be6 27. Nc3
Rh8 28. Ne2 Kg6 29. Ng1 g4 30. Kg3 gxh3 31. Nxh3 Rg7 32. Rf3 Kf6+ 33. Kf2 Ke7
34. Rg3 Rhg8 35. Rxg7+ Rxg7 36. Rh1 Bd5 37. Rh2 Kf6 38. Ng1 Kf7 39. Nf3 Kf6 40.
Rh6+ Rg6 41. Rh7 Rg7 42. Rh3 1/2-1/2

[Event "SR 3. liga A2 2012/2013"]
[Site "?"]
[Date "2013.03.10"]
[Round "10.4"]
[White "Jablonicky, Frantisek"]
[Black "Horak, Ivan"]
[Result "1/2-1/2"]
[WhiteElo "2173"]
[BlackElo "2094"]
[PlyCount "97"]
[EventDate "2012.??.??"]

1. e4 d5 2. exd5 Qxd5 3. Nc3 Qa5 4. d4 Nf6 5. Nf3 c6 6. Bd3 Bg4 7. O-O e6 8.
Ne4 Nxe4 9. Bxe4 Nd7 10. c3 Bd6 11. Re1 Nf6 12. Bd3 O-O-O 13. h3 Bh5 14. b4 Qc7
15. Bd2 Bf4 16. Bxf4 Qxf4 17. Qd2 Nd5 18. Qxf4 Nxf4 19. Bf1 Bxf3 20. gxf3 Rd5
21. Re4 g5 22. Rae1 h6 23. Re5 Rxe5 24. Rxe5 Rd8 25. Ra5 Kb8 26. Ra3 a6 27. Rb3
Kc7 28. Rb1 Kd6 29. Re1 Nd5 30. Rc1 f5 31. Kg2 e5 32. dxe5+ Kxe5 33. Kg3 Nf4
34. Bc4 b5 35. Bf1 Rd2 36. a4 Nd3 37. Bxd3 Rxd3 38. axb5 axb5 39. c4 h5 40.
cxb5 h4+ 41. Kg2 cxb5 42. Rc5+ Rd5 43. Rc8 Kf4 44. Rb8 Ke5 45. Kf1 f4 46. Ke2
Kd6 47. Rd8+ Kc6 48. Rxd5 Kxd5 49. Kd3 1/2-1/2

[Event "SR 3. liga A2 2012/2013"]
[Site "?"]
[Date "2013.03.10"]
[Round "10.4"]
[White "Sefcik, Marek"]
[Black "Kavon, Rastislav"]
[Result "1/2-1/2"]
[WhiteElo "2021"]
[BlackElo "1943"]
[PlyCount "145"]
[EventDate "2012.??.??"]

1. Nc3 Nf6 2. Nf3 d5 3. d4 Bf5 4. e3 c6 5. Bd3 Bxd3 6. Qxd3 e6 7. Ne5 Be7 8. b3
O-O 9. Bb2 Nbd7 10. O-O Rc8 11. Nxd7 Qxd7 12. e4 dxe4 13. Nxe4 Rfd8 14. Rad1
Qc7 15. Qe2 Nxe4 16. Qxe4 Bf6 17. Bc1 Qa5 18. a4 Rd7 19. Be3 Rcd8 20. Rd3 Qb4
21. Rfd1 e5 22. Bd2 Qe7 23. c3 exd4 24. Qxe7 Rxe7 25. cxd4 Red7 26. Be3 Rd5 27.
R3d2 g6 28. Kf1 Be7 29. Ke2 Bb4 30. Rd3 Bd6 31. f4 f5 32. R1d2 Kf7 33. Rc2 Re8
34. Kf3 Be7 35. g3 Red8 36. Rc4 Bf6 37. b4 a6 38. Rc5 Ke6 39. Rc4 R8d7 40. h3
Bd8 41. Bf2 Kf7 42. Rc5 Be7 43. Rc4 Bf6 44. Rc5 R7d6 45. Rxd5 Rxd5 46. Ke3 Ke6
47. Kd2 Rd8 48. Kc3 Kd5 49. Rd1 Re8 50. Rd2 Re4 51. h4 h5 52. a5 Bg7 53. Bg1
Bf8 54. Bf2 Be7 55. Rc2 Bf6 56. Rd2 Re7 57. Kd3 Re4 58. Kc3 Bh8 59. Bg1 Bg7 60.
Bf2 Bf6 61. Bg1 Re7 62. Kd3 Re6 63. Bf2 Be7 64. Kc3 Bd6 65. Rb2 Re4 66. Rd2 Bc7
67. Kd3 Bb8 68. Kc3 Ba7 69. Bg1 Bb8 70. Bf2 Bd6 71. Rb2 Bf8 72. Rd2 Be7 73. Rb2
1/2-1/2

[Event "SR 3. liga A2 2012/2013"]
[Site "?"]
[Date "2013.03.10"]
[Round "10.4"]
[White "Lopatievov, Alexander"]
[Black "Kovarik, Oto"]
[Result "1/2-1/2"]
[WhiteElo "1937"]
[BlackElo "1979"]
[PlyCount "143"]
[EventDate "2012.??.??"]

1. c4 e6 2. Nc3 d5 3. cxd5 exd5 4. Nf3 Nf6 5. g3 c6 6. Bg2 Bd6 7. O-O O-O 8. d3
h6 9. Re1 Bc5 10. Na4 Bd6 11. Qc2 Nbd7 12. a3 a5 13. e4 Re8 14. Bd2 Ra6 15. Nc3
dxe4 16. Nxe4 Nxe4 17. dxe4 Ne5 18. Bc3 Nxf3+ 19. Bxf3 Be5 20. Bxe5 Rxe5 21.
Qc3 Re8 22. Rad1 Qe7 23. e5 Be6 24. Rd2 a4 25. Be2 Raa8 26. Bc4 Red8 27. Bxe6
Qxe6 28. Red1 Rxd2 29. Rxd2 Re8 30. f4 Rc8 31. Rd6 Qf5 32. Qd3 Qxd3 33. Rxd3
Kf8 34. Kf2 Ke7 35. f5 c5 36. Ke3 b5 37. Rc3 h5 38. h3 Kd7 39. Ke4 Kc6 40. Rd3
b4 41. Rd6+ Kb5 42. Kd3 c4+ 43. Kc2 Rc5 44. Rd7 Rxe5 45. Rb7+ Kc6 46. Rxb4 Rxf5
47. Rxa4 Kb5 48. Ra7 Rf3 49. h4 g6 50. Re7 f6 51. Re6 Kc5 52. Kd2 Rd3+ 53. Kc2
Rd6 54. Re4 Kd5 55. Re2 Kd4 56. Rd2+ Ke5 57. Rf2 Rb6 58. Rf3 Ke4 59. Rf4+ Kd5
60. Rf3 Re6 61. Kc3 Rb6 62. Kc2 f5 63. Re3 Kd4 64. Rc3 Re6 65. Kd2 Rb6 66. Kc2
Rb5 67. a4 Re5 68. Kd2 Ra5 69. Ra3 Kc5 70. Ra1 Ra8 71. a5 Ra6 72. Ra4 1/2-1/2

[Event "SR 3. liga A2 2012/2013"]
[Site "?"]
[Date "2013.03.10"]
[Round "10.4"]
[White "Chabada, Tomas"]
[Black "Mackovic, Miroslav"]
[Result "1-0"]
[WhiteElo "1941"]
[BlackElo "1919"]
[PlyCount "111"]
[EventDate "2012.??.??"]

1. e4 c5 2. Nf3 d6 3. d4 cxd4 4. Nxd4 Nf6 5. Nc3 a6 6. Be3 e6 7. f3 Be7 8. Qd2
Qc7 9. O-O-O Nbd7 10. g4 Ne5 11. g5 Nfd7 12. f4 Nc4 13. Bxc4 Qxc4 14. f5 Ne5
15. Rhf1 Bd7 16. f6 gxf6 17. gxf6 Bf8 18. Bh6 Bxh6 19. Qxh6 O-O-O 20. Rg1 Qb4
21. a3 Qb6 22. Rg7 Nc4 23. Nb3 Be8 24. Rd4 Qc6 25. Rxh7 Rxh7 26. Qxh7 Kb8 27.
Qh5 b6 28. Qe2 Rc8 29. Rd3 b5 30. h4 Qb6 31. Rg3 b4 32. axb4 Qxb4 33. Nd1 Bb5
34. Rc3 Rc7 35. Nd4 Ra7 36. Qg4 Rd7 37. Nc6+ Bxc6 38. Rb3 Qxb3 39. cxb3 Ne5 40.
Qg8+ Kb7 41. Nc3 Nd3+ 42. Kd2 Nc5 43. Ke3 Nxb3 44. h5 d5 45. exd5 exd5 46. h6
d4+ 47. Kf4 dxc3 48. bxc3 Nc5 49. h7 Ne6+ 50. Kg4 Rd1 51. Qxf7+ Bd7 52. Kf3
Rd3+ 53. Kf2 Ng5 54. Qb3+ Bb5 55. h8=Q Ne4+ 56. Kg1 1-0

[Event "SR 3. liga A2 2012/2013"]
[Site "?"]
[Date "2013.03.10"]
[Round "10.4"]
[White "Mackovic, Matus"]
[Black "Husek, Lubomir"]
[Result "1-0"]
[WhiteElo "1871"]
[BlackElo "1809"]
[PlyCount "59"]
[EventDate "2012.??.??"]

1. e4 d6 2. d4 Nf6 3. Nc3 g6 4. Bc4 Nxe4 5. Bxf7+ Kxf7 6. Nxe4 Bg7 7. Ng5+ Kg8
8. c3 h6 9. Qb3+ d5 10. N5h3 Kh7 11. Nf4 c6 12. Nf3 Rf8 13. O-O Qc7 14. Nd3 Bf5
15. Nfe5 Nd7 16. Re1 Bxd3 17. Nxd3 e5 18. dxe5 Nxe5 19. Bf4 Rae8 20. Bxe5 Bxe5
21. Nxe5 Rxe5 22. Rxe5 Qxe5 23. Qxb7+ Kg8 24. Qxc6 Qf5 25. f3 h5 26. Rd1 Rd8
27. Re1 Qg5 28. Qe6+ Kf8 29. f4 Qh4 30. g3 1-0

[Event "SR 3. liga A2 2012/2013"]
[Site "?"]
[Date "2013.03.10"]
[Round "10.4"]
[White "Hrubos, Milan"]
[Black "Lezovic, Maros"]
[Result "0-1"]
[WhiteElo "1786"]
[BlackElo "1762"]
[PlyCount "104"]
[EventDate "2012.??.??"]

1. e4 e5 2. Nf3 Nc6 3. Bb5 d6 4. d4 Bd7 5. d5 Nb8 6. Bd3 g6 7. c4 Bg7 8. Nc3
Ne7 9. O-O O-O 10. Be3 f5 11. exf5 Nxf5 12. Bg5 Bf6 13. Bxf6 Qxf6 14. Ne4 Qe7
15. Rc1 Nh4 16. Nxh4 Qxh4 17. Ng3 Bg4 18. Qd2 Bf5 19. Nxf5 gxf5 20. g3 Qf6 21.
b4 Nd7 22. c5 e4 23. Be2 Ne5 24. Kg2 Qg6 25. f4 Ng4 26. Bxg4 Qxg4 27. h3 Qg6
28. Rc3 Rae8 29. Re3 h5 30. h4 Rf7 31. Kh2 Rg7 32. Rg1 Qf6 33. Rg2 Rg4 34. Qb2
Qd8 35. a4 Kf7 36. Qc3 Reg8 37. Kg1 R8g6 38. Rc2 Qxh4 39. Rg2 Qf6 40. Qxf6+
Rxf6 41. Rc3 Ke7 42. Rh2 Rh6 43. Kf2 h4 44. Rh3 hxg3+ 45. Rhxg3 Rh2+ 46. Kg1
Rhh4 47. b5 dxc5 48. Kf2 Rxg3 49. Rxg3 Rxf4+ 50. Ke3 Rf3+ 51. Rxf3 exf3 52.
Kxf3 Kd6 0-1

[Event "SR 3. liga A2 2012/2013"]
[Site "?"]
[Date "2013.03.10"]
[Round "10.4"]
[White "Slobodnik, Michal"]
[Black "Holly, Milan"]
[Result "1/2-1/2"]
[WhiteElo "1785"]
[BlackElo "1837"]
[PlyCount "83"]
[EventDate "2012.??.??"]

1. e4 e6 2. d4 b6 3. a3 Bb7 4. Nc3 Be7 5. g3 Nf6 6. Bg2 O-O 7. Be3 d5 8. e5
Nfd7 9. Nce2 c5 10. c3 Nc6 11. f4 cxd4 12. cxd4 b5 13. Nf3 a6 14. O-O Rc8 15.
g4 Na5 16. b3 Qb6 17. Qd3 b4 18. a4 Nc6 19. Ng3 a5 20. Rfc1 Ba6 21. Qd2 Na7 22.
f5 Rxc1+ 23. Rxc1 Rc8 24. Rxc8+ Bxc8 25. Nh5 Qc6 26. Bg5 Bf8 27. f6 g6 28. Ng3
Ba6 29. Bf1 Bxf1 30. Kxf1 Nc8 31. Ne2 Ncb6 32. Bh6 Qc8 33. h4 Bxh6 34. Qxh6 Qf8
35. Qc1 Qc8 36. Ne1 Qxc1 37. Nxc1 Kf8 38. Kf2 Nb8 39. Ncd3 Nc6 40. Ke3 Nd7 41.
g5 Ke8 42. Ng2 1/2-1/2

[Event "SR 3. liga A2 2012/2013"]
[Site "?"]
[Date "2013.03.10"]
[Round "10.4"]
[White "Klimes, Karel"]
[Black "Bango, Lukas"]
[Result "0-1"]
[WhiteElo "1724"]
[BlackElo "1722"]
[PlyCount "94"]
[EventDate "2012.??.??"]

1. e4 c5 2. Nf3 Nc6 3. Bc4 d6 4. c3 Nf6 5. d3 a6 6. a4 e6 7. Bg5 Be7 8. Nbd2
O-O 9. O-O d5 10. exd5 exd5 11. Bb3 Be6 12. Re1 Qc7 13. Bh4 h6 14. Nf1 b5 15.
axb5 axb5 16. Qe2 Rfb8 17. Rxa8 Rxa8 18. Bg3 Qb7 19. Ne5 Nxe5 20. Bxe5 c4 21.
Bc2 Nd7 22. Bd4 Bc5 23. Bxc5 Nxc5 24. d4 Na4 25. Bb1 b4 26. Qc2 g6 27. Qd2 Kg7
28. h4 bxc3 29. bxc3 Qb2 30. Qxb2 Nxb2 31. Re2 Nd1 32. Re5 Nxc3 33. Bc2 Ra2 34.
Ne3 Ne2+ 35. Kh2 Nxd4 36. Bd1 c3 37. Nxd5 Bxd5 38. Rxd5 c2 39. Bxc2 Nxc2 40.
Rd2 Nb4 41. Rd4 Nc6 42. Rc4 Ne5 43. Re4 Nd3 44. f3 f5 45. Re3 Nf4 46. Kg3 Kf6
47. Kxf4 g5+ 0-1

[Event "SR 3. liga A2 2012/2013"]
[Site "?"]
[Date "2013.03.10"]
[Round "10.5"]
[White "Lukacovic, Miroslav"]
[Black "Kovacocy, Pavel"]
[Result "1/2-1/2"]
[WhiteElo "1997"]
[BlackElo "2221"]
[PlyCount "140"]
[EventDate "2012.??.??"]

1. d4 g6 2. c4 Bg7 3. Nc3 c5 4. Nf3 cxd4 5. Nb5 Nc6 6. Nbxd4 Nxd4 7. Nxd4 Qa5+
8. Bd2 Qb6 9. Bc3 Nf6 10. Qb3 Qxb3 11. axb3 O-O 12. Nb5 a6 13. g3 Rb8 14. Be5
d6 15. Nxd6 exd6 16. Bxd6 Be6 17. Bg2 Nd7 18. O-O-O b5 19. Bd5 Bxd5 20. Rxd5
Nb6 21. Bxf8 Kxf8 22. Rd6 bxc4 23. bxc4 Nxc4 24. Rxa6 Nxb2 25. Rc6 Re8 26. Kd2
Bh6+ 27. e3 Rd8+ 28. Ke2 Bg7 29. Rhc1 Rd7 30. Ra6 Nd3 31. Rc8+ Ke7 32. Raa8 f5
33. Rg8 Kf7 34. Rgc8 Ne5 35. h3 Rb7 36. Rc2 Bf8 37. f4 Nd7 38. g4 Nf6 39. gxf5
gxf5 40. Ra5 Kg6 41. Rc6 Rd7 42. h4 h5 43. Raa6 Be7 44. Re6 Kf7 45. Re5 Kg6 46.
Raa5 Ne4 47. Kf3 Nd6 48. Rad5 Kf6 49. Rxf5+ Nxf5 50. Rxd7 Nxh4+ 51. Kf2 Nf5 52.
e4 Ke6 53. Rd5 Ng7 54. Kf3 h4 55. Kg4 Ne8 56. f5+ Kf7 57. e5 Ng7 58. Rd7 Ne8
59. Rb7 Kf8 60. Kh5 Kf7 61. Kh6 h3 62. Rb3 h2 63. Rh3 Ng7 64. f6 Bxf6 65. exf6
Kxf6 66. Rxh2 Nf5+ 67. Kh5 Ng7+ 68. Kg4 Ne6 69. Rh6+ Ke5 70. Rxe6+ Kxe6 1/2-1/2

[Event "SR 3. liga A2 2012/2013"]
[Site "?"]
[Date "2013.03.10"]
[Round "10.5"]
[White "Hagara, Vladimir"]
[Black "Sarmir, Milos"]
[Result "0-1"]
[WhiteElo "1909"]
[BlackElo "2067"]
[PlyCount "72"]
[EventDate "2012.??.??"]

1. c4 Nf6 2. Nc3 e5 3. g3 Be7 4. Bg2 c6 5. e4 d6 6. d3 Qc7 7. Nge2 Be6 8. O-O
O-O 9. h3 Ne8 10. Be3 Nd7 11. Qd2 g6 12. f4 Ng7 13. Kh2 f5 14. b3 Rad8 15. Rad1
Nf6 16. Qc2 Bf7 17. Qc1 Rfe8 18. Bf3 b6 19. Bg2 h5 20. Rg1 h4 21. fxe5 hxg3+
22. Nxg3 dxe5 23. Nge2 f4 24. Bf2 Nh7 25. Bf3 Ng5 26. Bg4 Be6 27. h4 Bxg4 28.
Rxg4 Qd7 29. Rxg5 Bxg5 30. hxg5 Kf7 31. Kg1 Qg4+ 32. Kf1 Rh8 33. Ng1 Rh1 34.
Nce2 Ne6 35. Qd2 Nxg5 36. d4 Qh3+ 0-1

[Event "SR 3. liga A2 2012/2013"]
[Site "?"]
[Date "2013.03.10"]
[Round "10.5"]
[White "Vagovsky, Jozef"]
[Black "Babirat, Michal"]
[Result "1/2-1/2"]
[WhiteElo "1971"]
[BlackElo "1760"]
[PlyCount "55"]
[EventDate "2012.??.??"]

1. d4 Nf6 2. c4 e6 3. Nc3 Bb4 4. Qc2 c5 5. e3 Nc6 6. Nf3 cxd4 7. exd4 d5 8. a3
Be7 9. Bg5 a6 10. Rd1 O-O 11. Bd3 h6 12. Bh4 dxc4 13. Bxc4 b5 14. Bd3 Bb7 15.
O-O Rc8 16. Qb3 Na5 17. Qc2 Bxf3 18. gxf3 Nd5 19. Bxe7 Qxe7 20. Qd2 Nb3 21.
Nxd5 exd5 22. Qf4 Rfe8 23. Kh1 Rc6 24. Qf5 g6 25. Qxd5 Qe6 26. Be4 Rd6 27. Qxe6
Rexe6 28. d5 1/2-1/2

[Event "SR 3. liga A2 2012/2013"]
[Site "?"]
[Date "2013.03.10"]
[Round "10.5"]
[White "Puskar, David"]
[Black "Markuliak, Mario"]
[Result "1/2-1/2"]
[WhiteElo "1699"]
[BlackElo "1808"]
[PlyCount "72"]
[EventDate "2012.??.??"]

1. c4 e5 2. Nc3 d6 3. Nf3 Nf6 4. d4 Nbd7 5. e4 Be7 6. Be2 O-O 7. h3 c6 8. b4
Qc7 9. Be3 d5 10. exd5 Bxb4 11. Qb3 Bxc3+ 12. Qxc3 exd4 13. Qxd4 cxd5 14. cxd5
Qa5+ 15. Bd2 Qxd5 16. Qxd5 Nxd5 17. O-O N7f6 18. Rfe1 Be6 19. Rab1 b6 20. Nd4
Bd7 21. Bf3 Rac8 22. Rbc1 Rxc1 23. Rxc1 Rc8 24. Rxc8+ Bxc8 25. Nb5 a6 26. Nd6
Bd7 27. Ne4 Nxe4 28. Bxe4 Be6 29. Bxd5 Bxd5 30. a3 Kf8 31. g3 Ke7 32. Bb4+ Kd7
33. Kf1 Kc6 34. Ke1 Kb5 35. Kd2 Ka4 36. Kc3 Kb5 1/2-1/2

[Event "SR 3. liga A2 2012/2013"]
[Site "?"]
[Date "2013.03.10"]
[Round "10.5"]
[White "Vlkovic, Pavol"]
[Black "Benkovsky, Peter"]
[Result "1-0"]
[WhiteElo "1801"]
[BlackElo "1678"]
[PlyCount "75"]
[EventDate "2012.??.??"]

1. e4 e6 2. Qe2 c5 3. d3 Nc6 4. c3 Nge7 5. Nf3 Ng6 6. g3 Be7 7. Bg2 e5 8. O-O
O-O 9. Na3 a6 10. Nc4 d6 11. Ne3 Rb8 12. h4 h6 13. Nh2 Kh7 14. Nf5 Rh8 15. Qh5
Kg8 16. Qe2 Nf8 17. Ng4 Bxf5 18. exf5 Bf6 19. Bd5 Nd7 20. Ne3 Ne7 21. Bb3 b5
22. Qh5 Qf8 23. Bd2 Nb6 24. Ng4 Nd7 25. Rab1 d5 26. a4 c4 27. dxc4 dxc4 28. Bc2
Rb6 29. Be3 Rc6 30. Rbd1 Nb6 31. Be4 g6 32. Nxf6+ Rxf6 33. fxg6 fxg6 34. Qxe5
Rh7 35. axb5 axb5 36. Qxb5 Nec8 37. Rd2 Rd6 38. Bc5 1-0

[Event "SR 3. liga A2 2012/2013"]
[Site "?"]
[Date "2013.03.10"]
[Round "10.5"]
[White "Dzurjaninova, Hana"]
[Black "Hornak, Pavol"]
[Result "0-1"]
[WhiteElo "1592"]
[BlackElo "1753"]
[PlyCount "66"]
[EventDate "2012.??.??"]

1. e4 c5 2. Nf3 e6 3. d4 cxd4 4. Nxd4 a6 5. Nc3 Bc5 6. Be3 Qc7 7. Qg4 g6 8. h4
d6 9. Qf3 Qb6 10. Nb3 Bxe3 11. Qxe3 Qxe3+ 12. fxe3 Nf6 13. Be2 Nc6 14. O-O-O
Ke7 15. Rhf1 Ne5 16. Na5 b6 17. Nc4 Nxc4 18. Bxc4 b5 19. Bd3 b4 20. Ne2 Bb7 21.
Ng3 Ng4 22. Rde1 Rac8 23. Rf4 Ne5 24. Kd2 Rc7 25. Re2 Rhc8 26. Ref2 Ke8 27. Nf1
Nxd3 28. Kxd3 a5 29. Ke2 Rxc2+ 30. Nd2 R8c7 31. Kf3 Rxb2 32. Nb3 Rxf2+ 33. Kxf2
Rc2+ 0-1

[Event "SR 3. liga A2 2012/2013"]
[Site "?"]
[Date "2013.03.10"]
[Round "10.5"]
[White "Kavuljak, Alojz"]
[Black "Drahos, Miroslav"]
[Result "1-0"]
[WhiteElo "1360"]
[BlackElo "1652"]
[PlyCount "105"]
[EventDate "2012.??.??"]

1. e4 e5 2. Nf3 Nc6 3. Bc4 Nf6 4. d3 Bc5 5. O-O d6 6. c3 O-O 7. Be3 Bb6 8. h3
Be6 9. Bxe6 fxe6 10. Bxb6 axb6 11. Ng5 Qe8 12. Qb3 d5 13. Nd2 Na5 14. Qc2 Qd7
15. c4 d4 16. Nb3 c5 17. Nd2 Nc6 18. a3 Qe7 19. Qd1 h6 20. Ngf3 Nd7 21. Nh2 Rf7
22. Ndf3 Raf8 23. Qd2 Rf4 24. g3 R4f6 25. Qe2 Qf7 26. Nh4 Qe7 27. Ng4 R6f7 28.
Ng6 Qg5 29. Nxf8 Nxf8 30. Nh2 h5 31. Nf3 Qg6 32. Nh4 Qg5 33. Kh2 g6 34. Ng2 Nh7
35. f4 exf4 36. Rxf4 Nf6 37. Raf1 Ne5 38. Ne1 Nfg4+ 39. hxg4 Nxg4+ 40. Rxg4
hxg4 41. Rxf7 Kxf7 42. Qf2+ Ke7 43. Ng2 Qh6+ 44. Kg1 Qc1+ 45. Ne1 g5 46. e5 Qe3
47. Qxe3 dxe3 48. Kf1 Kd7 49. Ke2 Kc6 50. Nc2 b5 51. Kxe3 bxc4 52. dxc4 b5 53.
Kd3 1-0

[Event "SR 3. liga A2 2012/2013"]
[Site "?"]
[Date "2013.03.10"]
[Round "10.6"]
[White "Takacs, Laszlo"]
[Black "Nemsak, Denis"]
[Result "1-0"]
[WhiteElo "2134"]
[BlackElo "1873"]
[PlyCount "75"]
[EventDate "2012.??.??"]

1. e4 d5 2. exd5 Nf6 3. d4 Nxd5 4. c4 Nb6 5. Nf3 g6 6. h3 Bg7 7. Be3 O-O 8. Nc3
Nc6 9. Be2 e5 10. dxe5 Nxe5 11. Nxe5 Bxe5 12. Qxd8 Rxd8 13. Rc1 Bf5 14. b3 c6
15. O-O Bf6 16. Bf3 Re8 17. Rfd1 Rad8 18. Rxd8 Rxd8 19. Ne4 Bxe4 20. Bxe4 h5
21. a4 Nc8 22. b4 Nd6 23. Bf3 a6 24. Bb6 Re8 25. Bc5 Nf5 26. Rd1 Rd8 27. Rxd8+
Bxd8 28. a5 Kg7 29. g4 hxg4 30. hxg4 Nh4 31. Bh1 f5 32. Bb6 Bf6 33. g5 Bxg5 34.
b5 cxb5 35. cxb5 Bd2 36. Bxb7 Bxa5 37. Bd4+ Kh6 38. bxa6 1-0

[Event "SR 3. liga A2 2012/2013"]
[Site "?"]
[Date "2013.03.10"]
[Round "10.6"]
[White "Slaby, Jozef"]
[Black "Veselsky, Jozef"]
[Result "0-1"]
[WhiteElo "1890"]
[BlackElo "2158"]
[PlyCount "76"]
[EventDate "2012.??.??"]

1. d4 d5 2. c4 e6 3. Nf3 Nf6 4. e3 b6 5. cxd5 Nxd5 6. a3 Bb7 7. Bb5+ c6 8. Be2
Nd7 9. Nbd2 Be7 10. O-O O-O 11. Nb3 c5 12. Bd2 a5 13. Rc1 a4 14. Na1 cxd4 15.
Nxd4 Nc5 16. Bb5 Bf6 17. Nac2 e5 18. Nf3 Nb3 19. Rb1 Nc7 20. Bb4 Nxb5 21. Qe2
Ba6 22. Qd1 Qxd1 23. Rfxd1 Rfc8 24. Nce1 Rd8 25. g4 h6 26. h4 g5 27. hxg5 hxg5
28. Nd2 Nxd2 29. Bxd2 e4 30. Bb4 Rac8 31. Kg2 Bb7 32. Rxd8+ Rxd8 33. b3 axb3
34. Rxb3 Bd5 35. Rb1 Rc8 36. Bd2 Bc6 37. a4 Na3 38. Rxb6 Nc4 0-1